00795cam a22002054a 4500020003600000040000800036082002600044100002700070245004100097250001200138260003500150300003400185650002500219856006500244856005500309856006600364942000700430999001700437952013500454 a0471316490 (cloth : alk. paper) cDLC00a001 JOH 2001 A005 Co.1 aMontgomery, Douglas C.10aDesign and analysis of experiments / a5th ed. aNew York :bJohn Wiley,c2001. axii, 684 p. :bill. ;c26 cm. 0aExperimental design.42uhttp://www.loc.gov/catdir/description/wiley034/99057472.html4 uhttp://www.loc.gov/catdir/toc/onix05/99057472.html42uhttp://www.loc.gov/catdir/enhancements/fy0607/99057472-b.html cEK c13004d13004 0010406001_000000000000000_JOH_2001_A004_OR70963169aLBAbLBAcA004d2017-08-19o001 JOH 2001 A004 Or.pA22406r2017-08-19yEK